| 000 | 00677nam a2200217 u 4500 | ||
|---|---|---|---|
| 005 | 20220606102020.0 | ||
| 008 | 170201s1985 mx r 000 0 spa d | ||
| 020 | _a9682201691 | ||
| 035 | _aUPN01000215737 | ||
| 049 | _aCG | ||
| 050 | 4 |
_aPQ7797 B6.35 _bC7.7 |
|
| 100 | 1 |
_aBorges, Jorge Luis, _d1899-1986 |
|
| 245 | 1 | 0 |
_aCuentos de H. Bustos Domecq / _cJ. L. Borges y A. Bioy Casares. |
| 260 |
_aMéxico : _bOrigen : _bPlaneta, _cc1985. |
||
| 300 | _a291 p. | ||
| 440 | 0 |
_aLiteratura contemporánea seix barral ; _v27 |
|
| 650 | 4 |
_aCuentos argentinos _ySiglo XX _95788 |
|
| 700 | 1 |
_aBioy Casares, Adolfo, _d1914-1999 _ecoaut. _932579 |
|
| 905 | _aLibro | ||
| 999 |
_c187837 _d187837 |
||